Welcome to CU Library Online Public Access Catalogue (OPAC)

Cost Accounting : (Record no. 2836)

MARC details
000 -LEADER
fixed length control field 00663cam a2200229 a 4500
001 - CONTROL NUMBER
control field 2031623
005 - DATE AND TIME OF LATEST TRANSACTION
control field 20250122170815.0
008 - FIXED-LENGTH DATA ELEMENTS--GENERAL INFORMATION
fixed length control field 920522s1993 ilu 001 0 eng
020 ## - INTERNATIONAL STANDARD BOOK NUMBER
International Standard Book Number 0256086494
020 ## - INTERNATIONAL STANDARD BOOK NUMBER
International Standard Book Number 9780256086492
050 00 - LIBRARY OF CONGRESS CALL NUMBER
Classification number HF5686.C8
Item number R364 1993
082 00 - DEWEY DECIMAL CLASSIFICATION NUMBER
Classification number 657/.42
Edition information 20
100 1# - MAIN ENTRY--PERSONAL NAME
Personal name Rayburn, Letricia Gayle.
245 10 - TITLE STATEMENT
Title Cost Accounting :
Remainder of title using a cost management approach /
Statement of responsibility, etc. Letricia Gayle Rayburn.
250 ## - EDITION STATEMENT
Edition statement 5th ed.
260 ## - PUBLICATION, DISTRIBUTION, ETC.
Place of publication, distribution, etc. Homewood, IL :
Name of publisher, distributor, etc. Irwin,
Date of publication, distribution, etc. c1993.
300 ## - PHYSICAL DESCRIPTION
Extent xxxi, 986 p. ;
Dimensions 27 cm.
500 ## - GENERAL NOTE
General note Includes index.
650 #0 - SUBJECT ADDED ENTRY--TOPICAL TERM
Topical term or geographic name entry element Cost accounting.
650 #0 - SUBJECT ADDED ENTRY--TOPICAL TERM
Topical term or geographic name entry element Managerial accounting.
942 ## - ADDED ENTRY ELEMENTS (KOHA)
Source of classification or shelving scheme Library of Congress Classification
Koha item type Books
Edition 5th Ed.
Suppress in OPAC No
999 ## -
-- 2836
-- 2836
Holdings
Withdrawn status Lost status Source of classification or shelving scheme Damaged status Not for loan Collection Home library Current library Shelving location Date acquired Total checkouts Full call number Barcode Date last seen Copy number Price effective from Koha item type
    Library of Congress Classification     Non-fiction Business Library (Miotso) Business Library (Miotso) General stacks 01/22/2025   HF5686.C8 R364 1993 BSSM00000558 01/22/2025 1 01/22/2025 Books
    Library of Congress Classification     Non-fiction Business Library (Miotso) Business Library (Miotso) General stacks 01/22/2025   HF5686.C8 R364 1993 BSSM00000559 01/22/2025 2 01/22/2025 Books
© 2023-2024 Copyright: Central University Libraries. All Rights Reserved | Created by: Mahone Tech Office